US Presidents Quiz - Statistics

General Stats
  • This quiz has been taken 58 times
  • The average score is 8 of 10
Answer Stats
Question Answer % Correct
How long was the shortest term served as president 31 days
100%
Abraham Lincoln was the tallest person to serve as President, how tall was he 6 foot, 4 inches
100%
Of the presidents below, who has been impeached Andrew Johnson
100%
Who was the only US president to serve two terms non-consecutively Grover Cleveland
100%
Of the presidents below which one was assassinated during his time in office James A. Garfield
100%
Who was the shortest president James Madison
100%
Of the men below which one died of natural causes while serving as president Zachary Taylor
100%
Which former U.S. president was also governor of Massachusetts Calvin Coolidge
50%
Who below was one of the 8 presidents that served before George Washington Cyrus Griffin
50%
How many different men have served as president of the united states since its founding in 1776 53
0%
No matching quizzes found
Score Distribution
Percent of People with Each Score
Percentile by Number Answered
Your Score History
You have not taken this quiz